Need It - Migos feat. YoungBoy Never Broke Again (Full lyrics) - Statistics

General Stats
  • This quiz has been taken 21 times
  • The average score is 487 of 758
Answer Stats
Lyrics % Correct
a
100%
I
100%
it
100%
it,
100%
This
100%
this
100%
an
95%
Go
95%
go
95%
need
95%
said
95%
the
95%
The
95%
then
95%
Then
95%
and
89%
bleed
89%
block
89%
bullets,
89%
Bullets
89%
can't
89%
Draco
89%
long,
89%
bitch
84%
he
84%
on
84%
see
84%
these
84%
These
84%
undefeated
84%
be
79%
cone,
79%
cone
79%
do
79%
eat
79%
get
79%
give
79%
her
79%
her,
79%
like
79%
Like
79%
make
79%
Make
79%
My
79%
my
79%
snow
79%
wrist
79%
you
79%
You
79%
dope
74%
Dope
74%
Hit
74%
I'm
74%
leave
74%
look
74%
out
74%
that
74%
to
74%
your
74%
dick
68%
'em
68%
in
68%
it's
68%
just
68%
me
68%
Once
68%
them
68%
they
68%
They
68%
When
68%
fuck,
63%
fuck
63%
Fuck
63%
is
63%
know
63%
receive
63%
up,
63%
up
63%
Who
63%
Before
58%
cash
58%
caught
58%
Cheaters
58%
'fore
58%
from
58%
from,
58%
From
58%
got
58%
Got
58%
No
58%
no
58%
of
58%
straight
58%
Straight
58%
We
58%
we
58%
what
58%
bando
53%
boy
53%
car
53%
gun
53%
Nawf,
53%
people,
53%
people
53%
say
53%
us
53%
with
53%
around
47%
'bout
47%
breach
47%
ether
47%
fuckin'
47%
how
47%
life
47%
livin'
47%
money,
47%
money
47%
niggas
47%
put
47%
Put
47%
shoot
47%
won't
47%
all
42%
bitches
42%
bought
42%
came
42%
crash
42%
don
42%
Glock
42%
gon'
42%
hard
42%
If
42%
rain,
42%
squeeze
42%
stick,
42%
stick
42%
than
42%
There
42%
Whole
42%
young
42%
Bandicoot,
37%
basket,
37%
bomb
37%
both
37%
bougie,
37%
but
37%
Diamonds
37%
drag
37%
easy
37%
fantastic,
37%
Finger-
37%
five
37%
Forever
37%
glasses
37%
gonna
37%
happen
37%
heater
37%
Heroin
37%
hide
37%
I'ma
37%
jet
37%
keep
37%
lotta
37%
makin'
37%
mil'
37%
neck,
37%
off
37%
Off
37%
outside,
37%
pain
37%
porch
37%
porch,
37%
Porsche,
37%
round
37%
run,
37%
run
37%
sellin'
37%
sound
37%
throwin'
37%
want
37%
way
37%
went,
37%
went
37%
where
37%
worth
37%
30,
32%
aim
32%
Ain't
32%
ain't
32%
bag
32%
bath
32%
bun
32%
Cartiers
32%
come
32%
comin'
32%
dash
32%
dog
32%
don't
32%
Don't
32%
drop
32%
drum,
32%
ELO,
32%
fifty-
32%
flow
32%
freeze
32%
handle
32%
him
32%
honey
32%
joints
32%
jumped
32%
Magic
32%
math
32%
more
32%
nasty
32%
now
32%
point
32%
reason
32%
remorse,
32%
seek
32%
Shootin'
32%
smoke
32%
son,
32%
squeezin'
32%
strikin',
32%
tongues
32%
too
32%
trigger,
32%
two
32%
been
26%
bleedin'
26%
blue
26%
boardin'
26%
bust
26%
'cause
26%
damages
26%
fastest?
26%
givin'
26%
goin'?
26%
havin'
26%
hunnids
26%
ice
26%
maggots,
26%
Magnum
26%
many
26%
old,
26%
press
26%
shit
26%
slide
26%
stole
26%
stones,
26%
stones
26%
warrant
26%
attachment,
21%
barrel
21%
cover
21%
elastic,
21%
everyone
21%
Extendo
21%
fashion
21%
fest
21%
freezer
21%
gang
21%
Molly,
21%
new
21%
passes
21%
paved
21%
plastic
21%
ratchet
21%
street
21%
tactic
21%
thinkin'
21%
tryna
21%
What's
21%
Beatle
16%
beef,
16%
booted
16%
bring
16%
Couple
16%
forgot
16%
growin'
16%
heated
16%
issue?
16%
Jesus,
16%
peel
16%
play
16%
steady
16%
thots,
16%
treated
16%
treaty
16%
vegan
16%
building,
11%
coppin'
11%
Jumpin',
11%
peace
11%
talkin'
11%
tuck
11%
Baton,
5%
Really
5%
SIG
5%
No matching quizzes found
Score Distribution
Percent of People with Each Score
Percentile by Number Answered
Your Score History
You have not taken this quiz